000 00308pam a2200121a 44500
008 230405s1900 xxu||||| |||| 00| 0 eng d
041 _aENG
100 _abyron s gottfried
245 _aprogramming in ansi C
260 _anew delhi
_bTata McGraw Hill Publishing Co.
_c1900
300 _a532
906 _a9763
999 _c300262
_d300262